Taylor Swift - Devine les chansons par leurs bridge #3 - Statistiques

Statistiques générales
  • Ce quiz a été pris 250 fois
  • Le résultat moyen est 11 sur 15
Statistiques - réponses
Hint Réponse % Correct
Boys only want love if it's tortureDon't say I didn't, say I didn't warn ya Boys only want love if it's torture Don't say I didn't, say I didn't warn ya Blank Space
97%
And maybe we got lost in translationMaybe I asked for too much But maybe this thing was a masterpiece 'Til you tore it all up Running scared, I was there I remember it *** And you call me up again Just to break me like a promise So casually cruel in the name of being honest I'm a crumpled up piece of paper lying here 'Cause I remember it *** All Too Well
96%
This is me praying thatThis was the very first page Not where the storyline ends My thoughts will echo your name Until I see you again These are the words I held back As I was leaving too soon I was *** to meet you Please, don't be in love with someone else Please, don't have somebody waiting on you Please, don't be in love with someone else (Ooh) Please, don't have somebody waiting on you (Ooh, oh) Enchanted
95%
Were you sent by someone who wanted me dead?Did you sleep with a gun underneath our bed? Were you writin' a book? Were you a sleeper cell spy? In fifty years, will all this be declassified? And you'll confess why you did it and I'll say, "Good riddance" 'Cause it wasn't sexy once it wasn't forbidden I would've died for your sins, instead, I just died inside And you deserve prison, but you won't get time You'll slide into inboxes and slip through the bars You crashed my party and your rental car You said normal girls were boring But you were gone by the morning You kicked out the stage lights, but you're still performing The Smallest Man Who Ever Lived
90%
I don't trust nobody and nobody trusts meI'll be the actress starrin' in your bad dreams I don't trust nobody and nobody trusts me I'll be the actress starrin' in your bad dreams I don't trust nobody and nobody trusts me I'll be the actress starrin' in your bad dreams I don't trust nobody and nobody trusts me I'll be the actress starrin' in your bad dreams Look What You Made Me Do
89%
Oh, I remember you driving to my houseIn the middle of the night I'm the one who makes you laugh When you know you're 'bout to cry I know your favorite songs And you tell me 'bout your dreams Think I know where *** Think I know it's with me You Belong With Me
88%
Talk your talk and go viralI just need this love spiral Get it off your chest Get it off my desk (Get it off my desk) Talk your talk and go viral I just need this love spiral Get it off your chest Get it off my desk Lavender Haze
85%
My heart, my hips, my body, my loveTryna find a part of me that you didn't touch Gave up on me like I was a bad drug Now I'm searching for signs in a haunted club Our songs, our films, united we stand Our country, guess it was a lawless land Quiet my fears with the touch of your hand Paper cut stings from our paper-thin plans My time, my wine, my spirit, my trust Tryna find a part of me you didn't take up Gave you too much, but it wasn't enough But I'll be alright, it's just *** Death By a Thousand Cuts
76%
(Oh-oh-oh, oh-oh-oh) Once I fix me(Oh-oh-oh, oh-oh-oh) He's gonna miss me (Oh-oh-oh, oh-oh-oh) Once I fix me (Oh-oh-oh, oh-oh-oh) He's gonna miss me My Boy Only Breaks His Favorite Toys
75%
Life was a *** and it bent right to your windThey count me out time and time again Life was a *** and it bent right to your wind But I come back stronger than a '90s trend willow
73%
They say she was seen on occasionPacing the rocks, staring out at the midnight sea And in a feud with her neighbor She stole his dog and dyed it key lime green Fifty years is a long time Holiday House sat quietly on that beach Free of women with madness, their men and bad habits And then it was bought by me the last great american dynasty
70%
Ladies always rise aboveLadies know what people want Someone sweet and kind and fun The lady simply had enough Vigilante Shit
67%
And if you're missing me, you'd better keep it to yourself'Cause coming back around here would be bad for your health Picture to Burn
33%
I know someday I'm gonna meet her, it's a fever dreamThe kind of radiance you only have at seventeen She'll know the way and then she'll say she got the map from me I'll say I'm happy for her, then I'll cry myself to sleep Oh, woah, oh (Oh) Oh, woah, oh, woah, oh (Oh) Nothing New
30%
Baby, you showed me what livin' is forI don't wanna hide anymore Oh-oh Crazier
9%
Aucun quiz correspondant
Distribution des résultats
% des personnes avec chaque résultat
Percentile par nombre de réponses
Votre historique - résultats
Vous n’avez pas pris ce quiz